000 01355nam0a22003491 4500
001 RU\INFOCOMM_322\NLR\5000101197
005 20250613104901.0
035 _a(NLR Aleph) 009515212
090 _a8791916
_c8791916
100 _a20121211d1989 |||y0rusy50 ca
101 0 _aeng
102 _aRU
105 _ay z |||||
200 1 _aSpin-flip component of the pomeron
_fB. Z. Kopeliovich, B. G. Zakharov
210 _aДубна
_cОбъед. ин-т ядер. исслед.
_d1989
215 _a7 с.
_cграф.
_d21 см
225 1 _aОбъединенный институт ядерных исследований, Дубна
_vЕ2-89-169
300 _aНа с. 7: Спин-флип компонента померона / Копелиович Б. З., Захаров В. Г.
300 _aРез. на рус. яз.
300 _a"Submitted to "Physics letters B"
320 _aБиблиогр.: с. 5-6
606 0 _aПомероны
_91998980
_3RU\NLR\AUTH\66918460
686 _aВ382.159
_2rubbk
700 1 _9z01790
_aKopeliovič
_bB. Z.
_gBoris Zinov'evič
701 1 _9z02790
_aZacharov
_bB. G.
_gBoris Georgievič
790 1 _9z01700
_aKopeliovich
_bB. Z.
_4070
790 1 _9z02701
_aZakharov
_bB. G.
_4070
801 1 _aRU
_bNLR
_c20121211
801 0 _aRU
_bINFOCOMM
_gPSBO
852 _aNLR
_jФз01 Д-4/5438
942 _cBOOK
980 _aNB